<?xml version="1.0" encoding="UTF-8"?>
<record
    xmlns:xsi="http://www.w3.org/2001/XMLSchema-instance"
    xsi:schemaLocation="http://www.loc.gov/MARC21/slim http://www.loc.gov/standards/marcxml/schema/MARC21slim.xsd"
    xmlns="http://www.loc.gov/MARC21/slim">

  <leader>00867nam0a2200301   4500</leader>
  <controlfield tag="001">RU\NLR\ONL2\23567</controlfield>
  <controlfield tag="005">20250613224025.0</controlfield>
  <datafield tag="010" ind1=" " ind2=" ">
    <subfield code="a">9965-701-40-7</subfield>
    <subfield code="9">2200</subfield>
  </datafield>
  <datafield tag="035" ind1=" " ind2=" ">
    <subfield code="a">(NLR Aleph) 010210525</subfield>
  </datafield>
  <datafield tag="090" ind1=" " ind2=" ">
    <subfield code="a">10272560</subfield>
    <subfield code="c">10272560</subfield>
  </datafield>
  <datafield tag="100" ind1=" " ind2=" ">
    <subfield code="a">20120613d2004    |||y0rusy50      ca</subfield>
  </datafield>
  <datafield tag="101" ind1="0" ind2=" ">
    <subfield code="a">kaz</subfield>
  </datafield>
  <datafield tag="102" ind1=" " ind2=" ">
    <subfield code="a">RU</subfield>
  </datafield>
  <datafield tag="105" ind1=" " ind2=" ">
    <subfield code="a">y |||||||||</subfield>
  </datafield>
  <datafield tag="200" ind1="1" ind2=" ">
    <subfield code="a">&#x410;&#x439; &#x43C;&#x435;&#x43D; &#x430;&#x440;&#x443;</subfield>
    <subfield code="e">&#x43E;&#x43B;&#x435;&#x43D;&#x434;&#x435;&#x440;</subfield>
    <subfield code="f">&#x410;&#x439;&#x431;&#x430;&#x442;&#x44B;&#x440; &#x421;&#x435;&#x439;&#x442;&#x430;&#x43A;</subfield>
  </datafield>
  <datafield tag="210" ind1=" " ind2=" ">
    <subfield code="a">&#x410;&#x43B;&#x43C;&#x430;&#x442;&#x44B;</subfield>
    <subfield code="c">&#x416;&#x430;&#x437;&#x443;&#x448;&#x44B;</subfield>
    <subfield code="d">2004</subfield>
  </datafield>
  <datafield tag="215" ind1=" " ind2=" ">
    <subfield code="a">141 &#x431;.</subfield>
    <subfield code="d">21</subfield>
  </datafield>
  <datafield tag="225" ind1="1" ind2=" ">
    <subfield code="a">&#x41A;&#x430;&#x437;i&#x440;&#x433;i &#x43A;&#x430;&#x437;&#x430;&#x43A; &#x43F;&#x43E;&#x44D;&#x437;&#x438;&#x44F;&#x441;&#x44B;</subfield>
  </datafield>
  <datafield tag="541" ind1="1" ind2=" ">
    <subfield code="a">[&#x414;&#x435;&#x432;&#x443;&#x448;&#x43A;&#x430; &#x438; &#x43B;&#x443;&#x43D;&#x430;]</subfield>
    <subfield code="z">rus</subfield>
  </datafield>
  <datafield tag="686" ind1="1" ind2=" ">
    <subfield code="a">&#x428;6(2=&#x41A;&#x430;&#x437;)7-5</subfield>
  </datafield>
  <datafield tag="700" ind1=" " ind2="1">
    <subfield code="a">&#x421;&#x435;&#x439;&#x442;&#x430;&#x43A;</subfield>
    <subfield code="b">&#x410;.</subfield>
    <subfield code="g">&#x410;&#x439;&#x431;&#x430;&#x442;&#x44B;&#x440;</subfield>
    <subfield code="4">070</subfield>
  </datafield>
  <datafield tag="801" ind1=" " ind2="0">
    <subfield code="a">RU</subfield>
    <subfield code="b">NLR</subfield>
    <subfield code="c">20120613</subfield>
    <subfield code="g">PSBO</subfield>
  </datafield>
  <datafield tag="852" ind1=" " ind2=" ">
    <subfield code="a">NLR</subfield>
    <subfield code="j">&#x41A;&#x430;&#x437;&#x430;&#x445;./3-8456</subfield>
    <subfield code="m">38007</subfield>
  </datafield>
  <datafield tag="852" ind1=" " ind2=" ">
    <subfield code="a">NLR</subfield>
    <subfield code="b">&#x41E;&#x41D;&#x41B;</subfield>
  </datafield>
  <datafield tag="942" ind1=" " ind2=" ">
    <subfield code="c">BOOK</subfield>
  </datafield>
  <datafield tag="980" ind1=" " ind2=" ">
    <subfield code="a">NB</subfield>
  </datafield>
  <datafield tag="980" ind1=" " ind2=" ">
    <subfield code="a">ONL_RF</subfield>
  </datafield>
</record>
